000 01182nam a22002537a 4500
999 _c22230
_d22230
003 AR-CdUCM
008 190425b ||||| |||| 00| 0 spa d
040 _aMUNICIPALIDAD PROVINCIAL DEL CUSCO
_cBIBLIOTECA MUNICIPAL DEL CUSCO
082 _aToqokachi/N°1/2006
245 _aT´oqo Kachi :
_brevista cultural e informativa /
_cJunta vecinal de San Blas
260 _aCusco.
_bAguilar impresiones,
_c2006.
300 _a26 páginas. :
_bilustraciones ;
_c21 cm.
440 _aT´oqo Kachi.
_nN°1, junio 2006.
_947692
505 _aContenido: Taller de información del Plan Maestro. -- La transitoriedad de lo intangible. -- El Museo de Arte Popular. -- Biblioteca en San Blas. -- Junta Vecinal de Barrio de Santa Ana. -- Primer Cabildo abierto del Barrio de San Blas. -- La gente de San Blas. -- Informe económico de los vecinos de San Blas.
650 _aBarrios del Cusco
_946995
650 _aSan Blas
_947693
650 _aJuntas vecinales
_947694
650 _aCentro Histórico de Cusco
_947695
700 _aCárdenas Flores, Juan
_947696
700 _aGibaja Gonzales, Manuel
_947697
710 _aJunta Vecinal de San Blas
_947698
942 _2ddc
_cPP
945 _arac